आकाशवाणी साहित्य सम्पदा / (Record no. 168095)
[ view plain ]
| 000 -LEADER | |
|---|---|
| fixed length control field | 01462nam a22002657a 4500 |
| 005 - DATE AND TIME OF LATEST TRANSACTION | |
| control field | 20240809125404.0 |
| 010 ## - LCCN (DPL NO) | |
| LC control number | HIN-117166(भा.-2) HIN-118347 HIN-118298 |
| 020 ## - INTERNATIONAL STANDARD BOOK NUMBER | |
| Terms of availability | 415.00(भा.-2) |
| International Standard Book Number | 978-81-237-8107-5(भा.-2) |
| 020 ## - INTERNATIONAL STANDARD BOOK NUMBER | |
| Terms of availability | 450.00(भा.-1) |
| International Standard Book Number | 978-81-237-8136-5 |
| 020 ## - INTERNATIONAL STANDARD BOOK NUMBER | |
| Terms of availability | 400.00(भा.-3) |
| International Standard Book Number | 978-81-237-8137-2(भा.-3) |
| 035 ## - SYSTEM CONTROL NUMBER | |
| System control number | HN-89512(भा.-2) |
| 035 ## - SYSTEM CONTROL NUMBER | |
| System control number | HN-90643(भा.-1) |
| 035 ## - SYSTEM CONTROL NUMBER | |
| System control number | HN-90644(भा.-3) |
| 037 ## - SOURCE OF ACQUISITION | |
| Source of stock number/acquisition | DBAD/PUB |
| 082 ## - DEWEY DECIMAL CLASSIFICATION NUMBER | |
| Classification number | 808.883 |
| 245 ## - TITLE STATEMENT | |
| Title | आकाशवाणी साहित्य सम्पदा / |
| Statement of responsibility, etc | शशि शेखर वेम्पटि ,फैयाज़ शहरयार एवं अशोक त्रिपाठी के द्वारा सम्पादित |
| 260 ## - PUBLICATION, DISTRIBUTION, ETC. (IMPRINT) | |
| Place of publication, distribution, etc | नई दिल्ली |
| Name of publisher, distributor, etc | राष्टीय पुस्तक न्यास, भारत |
| Date of publication, distribution, etc | 2018 |
| 270 ## - ADDRESS | |
| Address | नेहरु भावन 5,इंस्टीटूशनल एरिया,फेज-II |
| City | नई दिल्ली |
| Postal code | 110070 |
| 300 ## - PHYSICAL DESCRIPTION | |
| Extent | 299पृ.(भा.-2);333पृ.(भा.-1);286पृ.(भा.-3) |
| Dimensions | 24सेमी(अजिल्द) |
| 490 ## - SERIES STATEMENT | |
| Volume number/sequential designation | भाग.-1 भाग.-2 भाग.-3 |
| 700 ## - ADDED ENTRY--PERSONAL NAME | |
| Personal name | वेम्पटि ,शशि शेखर |
| 9 (RLIN) | 69823 |
| 700 ## - ADDED ENTRY--PERSONAL NAME | |
| Personal name | शहरयार, फैयाज़ |
| 9 (RLIN) | 69824 |
| 700 ## - ADDED ENTRY--PERSONAL NAME | |
| Personal name | त्रिपाठी, अशोक |
| 9 (RLIN) | 69825 |
| 942 ## - ADDED ENTRY ELEMENTS (KOHA) | |
| Source of classification or shelving scheme | Dewey Decimal Classification |
| Item type | Hindi Books |
| Classification part | 808.883 |
| Call number suffix | आकाश |
| Withdrawn status | Lost status | Materials specified (bound volume or other part) | Not for loan | Collection code | Home library | Current library | Date acquired | Source of acquisition | Cost, normal purchase price | Full call number | Barcode | Copy number | Cost, replacement price | Koha item type |
|---|---|---|---|---|---|---|---|---|---|---|---|---|---|---|
| भा.-2 | Non-fiction | Bawana | Bawana | 26/09/2019 | DBAD/PUB | 415.00 | 808.883 आकाश | HN-89512 | 1 | 415.00 | Hindi Books | |||
| भा.-1 | Non-fiction | Bawana | Bawana | 19/02/2020 | DBAD/PUB | 450.00 | 808.883 आकाश | HN-90643 | 1 | 450.00 | Hindi Books | |||
| भा.-3 | Non-fiction | Patel Nagar | Patel Nagar | 19/02/2020 | DBAD/PUB | 400.00 | 808.883 आकाश | HN-90644 | 1 | 400.00 | Hindi Books |
